[Event "Grand Slam Final 4th"]
[Site "Sao Paulo/Bilbao"]
[Date "2011.10.06"]
[Round "6"]
[White "Carlsen, Magnus"]
[Black "Anand, Viswanathan"]
[Result "1/2-1/2"]
[WhiteElo "2823"]
[BlackElo "2817"]
[Annotator "Edouard,R"]
[PlyCount "98"]
[EventDate "2011.09.26"]
[EventType "tourn"]
[EventRounds "10"]
[EventCountry "BRA"]
[EventCategory "22"]
[SourceTitle "CBM 145"]
[Source "ChessBase"]
[SourceDate "2011.11.11"]

1. d4 Nf6 2. c4 e6 3. Nc3 Bb4 4. Nf3 b6 5. Qc2 Bb7 6. a3 Bxc3+ 7. Qxc3 O-O 8.
Bg5 d6 9. Nd2 Nbd7 10. f3 h6 11. Bh4 Rc8 12. e4 c5 13. Bd3 d5 14. exd5 exd5 15.
O-O dxc4 16. Bxc4 $146 {Both a novelty and the computer's first choice!} (16.
Nxc4 cxd4 17. Qxd4 Nc5 {was just equal in Van Wely-Leko (2008).}) 16... cxd4
17. Qxd4 Nc5 18. Bxf6 Qxf6 19. Qxf6 gxf6 20. Rfd1 (20. Rfe1 {is no improvement
after} Rfd8 21. Nf1 Na4 22. b3 Nb2 23. Re7 Nxc4 24. Rxb7 Nd2) 20... Na4 $1 21.
Rab1 Rfd8 22. Bb5 Bc6 23. Be2 Bd5 24. Nf1 Be6 25. Ne3 f5 (25... Bb3 {is a
different route with the same destination.} 26. Rd3 (26. Rxd8+ Rxd8) 26... Rxd3
27. Bxd3 Ba2 28. Ra1 Be6) 26. g3 Kg7 27. Kf2 Kf6 28. Ba6 Rb8 29. b4 Nc3 30.
Rxd8 Rxd8 31. Rc1 Nd5 32. Ng2 (32. Rd1 Ke7 33. Nxd5+ Rxd5 34. Rxd5 Bxd5 {
should just be a draw, as Black has not enough weaknesses.}) (32. Nxd5+ Rxd5
33. Ke3 Rd7 {should also be nothing special, though White stands a little bit
better.}) 32... Rd7 33. Rc2 Rc7 34. Ne3 Rxc2+ 35. Nxc2 f4 36. Nd4 Bd7 37. Ke2
fxg3 38. hxg3 Ne7 39. Ke3 Nf5+ 40. Nxf5 Kxf5 41. Kd4 Ke6 42. Bc4+ Ke7 43. f4 f6
44. Bd5 Kd6 45. Bf3 Be6 46. Ba8 Bf5 47. Bf3 Be6 48. Ba8 Bf5 49. Bf3 Be6 1/2-1/2

[Event "Grand Slam Final 4th"]
[Site "Sao Paulo/Bilbao"]
[Date "2011.10.01"]
[Round "5"]
[White "Ivanchuk, Vassily"]
[Black "Carlsen, Magnus"]
[Result "0-1"]
[WhiteElo "2765"]
[BlackElo "2823"]
[PlyCount "90"]
[EventDate "2011.09.26"]
[EventType "tourn"]
[EventRounds "10"]
[EventCountry "BRA"]
[EventCategory "22"]
[SourceTitle "CBM 145"]
[Source "ChessBase"]
[SourceDate "2011.11.11"]

1. e4 e6 2. d4 d5 3. Nc3 Nf6 4. e5 Nfd7 5. f4 c5 6. Nf3 Nc6 7. Be3 Be7 8. a3
O-O 9. Qd2 b6 10. g3 Kh8 11. h4 f6 12. exf6 Nxf6 13. Bh3 Bd7 14. Rd1 cxd4 15.
Nxd4 e5 16. Nxc6 Bxc6 17. fxe5 d4 18. exf6 Bxf6 19. O-O dxc3 20. Qxd8 Raxd8 21.
Rxd8 Rxd8 22. b3 Re8 23. Bf2 Be4 24. Re1 Re7 25. Rc1 h5 26. Bg2 Bf5 27. Bf3 g6
28. a4 Kh7 29. b4 g5 30. a5 g4 31. axb6 axb6 32. Bc6 Re2 33. Bxb6 Be5 34. b5
Kg7 35. Ba5 Rxc2 36. Rxc2 Bxc2 37. Kf2 Bd3 38. Ke3 Bg6 39. Be4 c2 40. Bd2 Bxg3
41. Bxg6 Kxg6 42. Kd3 Bf2 43. Kxc2 g3 44. Bf4 g2 45. Bh2 Kf5 0-1

[Event "Grand Slam Final 4th"]
[Site "Sao Paulo/Bilbao"]
[Date "2011.09.28"]
[Round "3"]
[White "Vallejo Pons, Francisco"]
[Black "Carlsen, Magnus"]
[Result "1-0"]
[WhiteElo "2716"]
[BlackElo "2823"]
[Annotator "Moradiabadi"]
[PlyCount "83"]
[EventDate "2011.09.26"]
[EventType "tourn"]
[EventRounds "10"]
[EventCountry "BRA"]
[EventCategory "22"]
[SourceTitle "CBM 145"]
[Source "ChessBase"]
[SourceDate "2011.11.11"]

1. Nf3 g6 2. e4 {The game transposes into a Pirc Defence.} Bg7 3. d4 d6 4. Bc4
Nf6 5. Qe2 O-O 6. O-O Bg4 7. Rd1 {A rare choice by Vallejo.} Nc6 8. Bb5 $6 {
Loss of tempo?!} (8. h3 Bxf3 9. Qxf3 Nd7 (9... e5 10. c3 Qe8 11. Bg5 Nd7 12.
Qe3 Kh8 13. Na3 a6 14. Bd5 Nb6 15. Bxc6 Qxc6 16. d5 Qa4 17. Be7 f5 18. Bxf8
Rxf8 19. c4 Nd7 20. Qb3 Qxb3 21. axb3 Nc5 22. b4 Nb3 23. Ra2 fxe4 24. Nb1 Bh6
25. Ra3 Nd4 26. Nc3 e3 27. fxe3 Nc2 28. Rd3 Nxe3 29. Ra1 Nxc4 30. b3 Nd2 31.
Rd1 Nxb3 32. Rf1 Rf5 33. Ne2 Rxf1+ 34. Kxf1 Nd2+ 35. Kf2 Ne4+ 36. Kf3 Nf6 37.
Nc3 Nd7 38. Ne4 Nb6 39. Nf6 Bg5 40. Ne4 Bd8 41. g4 Bh4 42. Rd1 h6 {1/2-1/2 (42)
Timman,J (2635)-Delemarre,J (2235) Wijk aan Zee 1995}) 10. c3 e5 11. Be3 a6 12.
Na3 exd4 13. cxd4 Qh4 14. Rac1 Nf6 15. Bd3 Rfe8 16. Rc4 Nd7 17. Bb1 Rad8 18. b4
Nb6 19. Rcc1 d5 20. e5 Qe7 21. Nc2 Nc4 22. a3 b5 23. Ba2 Nb8 24. Re1 c6 25. Qg3
Qf8 26. h4 Nd7 27. h5 Ra8 28. Rcd1 a5 29. Bc1 Qe7 30. Bb1 Qe6 31. hxg6 fxg6 32.
Rd3 axb4 33. Nxb4 c5 34. Nc2 Qc6 35. f4 Qb6 36. Qf3 Rad8 37. Ne3 Nxe3 38. dxc5
Nxc5 39. Bxe3 Qa5 40. Bd2 Qb6 41. Qf2 Re6 42. Rh3 {1-0 (42) Aronian,L (2773)
-Docx,S (2384) Ohrid 2009}) 8... Nd7 {Carlsen follows the classical system
which was introduced by Geller into the King's Indian Defence.} 9. c3 e5 10.
Bxc6 {A novelty!} (10. d5 Ne7 11. h3 Bxf3 12. Qxf3 f5 13. Bg5 {saw a promising
position for Black in 1/2-1/2 (20) Kovacevic,V (2480)-Jansa,V Sombor 1976.})
10... bxc6 11. h3 Bxf3 12. Qxf3 exd4 13. cxd4 c5 {Carlsen opens up the eye of
his "Dragon" bishop on g7.} 14. Be3 Rb8 15. Qe2 Rb4 (15... f5 $6 {is not to
Carlsen's taste as it leads to a complicated game in which Black's king
becomes vulnerable.} 16. exf5 gxf5 17. dxc5 $1 Bxb2 18. cxd6 cxd6 (18... Bxa1
$4 19. Qc4+ {is winning for White}) 19. Bd4 $1 Bxa1 20. Bxa1 {and only a
computer can save Black's king!}) 16. a3 Rb3 17. Ra2 $5 {Very original!} Qb8
18. Qc2 a5 (18... Re8 {is for sure a strong "alternative".}) 19. dxc5 Nxc5 20.
Bxc5 dxc5 21. Qxc5 {Black has no worries if he wants to draw, but Carlsen is
hoping to get more out of the position.} Rd8 22. Nc3 Rxd1+ 23. Nxd1 Qd8 24. Ra1
Qd2 {Carlsen's persistence has proved good enough, and Black now has a
dangerous initiative which is developing by the moment.} 25. Rc1 $4 {A
dramatic blunder by Vallejo which could put an end to the Brazilian stage of
his tournament!} Qe1+ 26. Kh2 Qxe4 $4 {In order to make it even more dramatic,
Carlsen decides to return the gift!} (26... Rd3 27. Ne3 Qxf2 28. Ng4 Qg3+ 29.
Kh1 h5 {is simply winning for Black.} 30. Nh2 Rd2 31. Qg1 Bd4 32. Qf1 Rf2 33.
Qg1 {and Black has a singular "windmill" against White's queen of all pieces,
instead of the usual king. The queen cannot leave the protection of g2.} Rxb2
34. Qf1 Rf2) 27. Qc2 Be5+ 28. g3 Rd3 $6 {Carlsen is losing the thread.} ({
He could keep his still dangerous initiative with} 28... Qf3 $1) 29. Ne3 h5 30.
Nc4 Qd5 $4 {Simply losing a piece! I do not remember when I last saw such
blunders from Carlsen, but in this game he produced a couple of them!} ({After
} 30... Bf6 31. Rd1 Rd4 32. Qxe4 Rxe4 33. Nxa5 Bxb2 {White's chances to draw
are higher than Black's chances to win.}) 31. Nxe5 Rd2 32. Qc5 {I suppose that
this is probably what Carlsen missed.} Qxc5 33. Rxc5 Rxf2+ 34. Kg1 Rxb2 35.
Rxc7 Rb3 36. Kg2 Rxa3 37. Nxf7 a4 38. Ra7 Ra1 39. Ne5 g5 40. g4 hxg4 41. hxg4
a3 42. Nf3 {A painful defeat for the world No. 1. He played fairly well and
managed to outplay his opponent step by step, but then threw it all away at
two points! It is very hard to explain except to say that... everyone has his
bad days... even Carlsen!} 1-0

[Event "Grand Slam Final 4th"]
[Site "Sao Paulo/Bilbao"]
[Date "2011.09.27"]
[Round "2"]
[White "Carlsen, Magnus"]
[Black "Aronian, Levon"]
[Result "1/2-1/2"]
[WhiteElo "2823"]
[BlackElo "2807"]
[Annotator "Moradiabadi"]
[PlyCount "111"]
[EventDate "2011.09.26"]
[EventType "tourn"]
[EventRounds "10"]
[EventCountry "BRA"]
[EventCategory "22"]
[SourceTitle "CBM 145"]
[Source "ChessBase"]
[SourceDate "2011.11.11"]

{In this technical battle in one of the few 2800+ encounters... one can see
many rich positional ideas. It is one of those few draws which I do not feel
unhappy about commenting on!} 1. e4 e5 2. Nf3 Nc6 3. Bb5 a6 4. Ba4 Nf6 5. O-O
Be7 {A Marshall?} 6. d3 {No! Carlsen has never been a fond of theoretical
battles in the Ruy Lopez.} d6 7. c3 O-O 8. Nbd2 b5 9. Bc2 d5 10. Re1 dxe4 11.
dxe4 {This position is familiar to Carlsen, as he faced it against Ivanchuk
not long ago!} Be6 12. h3 {A very rare choice, which is not so surprising from
Carlsen's point of view.} (12. Bb3 Bxb3 13. axb3 Qd3 14. b4 Rfd8 15. Qb3 Qd7
16. Qc2 Qe6 17. Qb3 Qd7 18. Qc2 Qe6 19. h3 a5 20. bxa5 Rxa5 21. Rxa5 Nxa5 22.
b4 Nb7 23. Qb3 Qxb3 24. Nxb3 Nd7 25. Be3 Nd6 26. Nfd2 Ra8 27. Kf1 f6 28. Ke2
Kf7 29. Kd3 Ke6 30. f3 Ra2 31. Ra1 Rxa1 32. Nxa1 Nb7 33. Nab3 {1/2-1/2 (33)
Ivanchuk,V (2776)-Carlsen,M (2815) Medias 2011}) 12... Nd7 (12... h6 {Well Mr.
Aronian, a very old game has been followed so far... Botvinnik played it!} 13.
Nh2 Nh7 14. Ng4 Bg5 15. Qe2 Qd6 16. Ne3 Rfd8 17. Nf3 Bxe3 18. Qxe3 Qe7 {
0-1 (60) Smyslov,V-Botvinnik,M Leningrad/Moscow 1941. White has a slight edge
even though Smyslov threw the game away.}) 13. Nf1 Nc5 (13... Nb6 {covering
the d5-square is an alternative.} 14. Qe2 Qc8 15. Ne3 Rd8 16. Nh2 Bf8 17. Nf5 {
is what I would personally not like to face in a practical game. Aronian's
choice is ok, though it does have an obvious drawback: Black loses control
over the d5-square.}) 14. Ne3 Qxd1 15. Rxd1 f6 16. Nd5 {There we are. As
always, Carlsen has managed to get a slight but riskless edge.} Bd6 17. Be3 Nb7
18. b4 $5 {Fixing the target on b5 and creating a target!} Ne7 (18... a5 $6 {
is premature as a result of} 19. a4 axb4 20. axb5 Bxd5 21. exd5 Rxa1 22. Rxa1
Ne7 23. cxb4 Bxb4 24. Bb3 Bd6 25. g4 $1 {after which White has a slight but
long-lasting advantage is out of the question.}) 19. a4 c6 $6 {This is a
serious inaccuracy which hands the initiative to White.} (19... Nxd5 20. exd5
Bf7 $1 {keeping the pawn on d5 under attack, gives Black adequate play.} 21.
axb5 axb5 22. Bd3 Bxd5 23. Bxb5 Rxa1 24. Rxa1 c5 {is very close to a draw.})
20. Nb6 {Carlsen grabs the initiative.} Rab8 21. Nd2 (21. Nh4 $5 g6 (21... Rfd8
22. Nf5 Nxf5 23. exf5 Bf7 24. axb5 axb5 25. Ra7 {is clearly better for White.})
22. axb5 axb5 23. Ra7 Rfd8 24. Nf3 Kf8 {and White keeps the pressure.}) (21.
axb5 axb5 22. Ra7 Rfd8 23. Ne1 {is another alternative, though I cannot say
how either side would improve its position.}) 21... c5 22. axb5 axb5 23. c4 $5
{Carlsen tries to complicate things.} cxb4 $6 (23... Nc8 24. Nd5 cxb4 25. cxb5
Bxd5 26. exd5 {does not solve Black's problem.}) 24. cxb5 Bc5 25. Bb3 Bxb3 26.
Nxb3 Bxe3 27. fxe3 Na5 28. Rxa5 Rxb6 29. Rd7 Nc8 30. Nc5 h5 {This move will
become valuable in the more or less forced resulting rook ending.} 31. Rd3 Re8
32. Na4 Rb8 33. Rb3 {Carlsen wins a pawn but Dr. Tarrasch believes that all
rook endings are drawn!} Nb6 34. Rxb4 Rec8 35. Nxb6 Rxb6 36. Ra6 Rc1+ 37. Kf2
Rc2+ 38. Kg3 Rxa6 39. bxa6 Ra2 $1 {The rooks have to be behind the pawns,
whether ours or our enemy's!} 40. Rb6 Kf7 41. Rb7+ Kg6 42. a7 {Now we are in
Dr. Müller's territory. White needs to bring his king to the queenside.
Black's rook is well placed and thanks to White's weakened pawn chain he can
create some counterplay on the kingside which may enable his king to become
active.} Kh6 43. Kh2 g6 $1 (43... h4 $2 44. Kg1 g6 45. Kf1 f5 46. Ke1 Kg5 47.
Rf7 (47. Kd1 f4 $11 {gives Black enough play to make a draw.}) 47... fxe4 48.
Kd1 Kh5 49. Kc1 g5 50. Kb1 {is winning for White. Therefore Black has to be on
time with his king and to activate it in the least amount of time.}) 44. Kg1
Kg5 $1 {Aronian uses the h4-square for his king.} 45. Rh7 (45. Rf7 f5 46. Kf1
fxe4 47. g3 h4 48. g4 Kh6 49. Ke1 g5 50. Kd1 Kg6 {just in time!} 51. Rb7 Kf6
52. Kc1 Ke6 53. Kb1 Ra5 54. Kb2 Kd6 55. Kb3 (55. Kc3 Kc6 56. Re7 Ra1 57. Rxe5
Rxa7 58. Rxg5 Rd7 {Is a draw}) 55... Kc6 56. Re7 (56. Kb4 Ra2 57. Rg7 Ra1 (
57... Ra6 {is also possible!} 58. Rg6+ Kd5 59. Rxa6) 58. Rxg5 Rxa7 59. Rxe5 Ra2
60. Rh5 Re2 61. Kc4 Rxe3 62. Rh6+ Kd7 63. Rxh4 Ra3 {and Black manages to make
a draw thanks to White's badly placed rook on h4.}) 56... Kb6 57. Kc3 Kc6 58.
Rxe5 Rxa7 59. Rxg5 Rd7 {transposes. Obviously there are still a lot moves to
analyse in this position but I hardly believe that White has many ways to
improve his position.}) 45... f5 46. g3 {Equivalent to a draw offer.} (46. Rf7
fxe4 47. Kh2 h4 48. Kg1 Kh6 49. Kf1 g5 50. Ke1 Kg6 51. Rc7 Kf6 52. Kd1 Ke6 53.
Kc1 Kd6 54. Rg7 Kc6 55. Kb1 Ra5 56. Kb2 Kb6 57. Kb3 Rb5+ 58. Kc2 Rc5+ 59. Kd2
Ra5 60. Ke2 Ra2+ 61. Kf1 Ra1+ 62. Kf2 Ra2+ 63. Kg1 Ra1+ 64. Kh2 Kc5 65. Rxg5
Kc4 $1 {Thanks to his active king Black is in the safe zone.}) 46... Kf6 47.
Kf1 fxe4 48. Ke1 Ke6 49. Rg7 Kd5 50. g4 hxg4 51. hxg4 Kc4 52. Rd7 g5 53. Kd1
Kc3 54. Ke1 Kc4 55. Kd1 Kc3 56. Ke1 1/2-1/2

[Event "Grand Slam Final 4th"]
[Site "Sao Paulo/Bilbao"]
[Date "2011.09.26"]
[Round "1"]
[White "Anand, Viswanathan"]
[Black "Carlsen, Magnus"]
[Result "1/2-1/2"]
[WhiteElo "2817"]
[BlackElo "2823"]
[PlyCount "56"]
[EventDate "2011.09.26"]
[EventType "tourn"]
[EventRounds "10"]
[EventCountry "BRA"]
[EventCategory "22"]
[SourceTitle "CBM 145"]
[Source "ChessBase"]
[SourceDate "2011.11.11"]

1. e4 e5 2. Nf3 Nc6 3. Bb5 Nf6 4. O-O Nxe4 5. d4 Nd6 6. Bxc6 dxc6 7. dxe5 Nf5
8. Qxd8+ Kxd8 9. Nc3 h6 10. h3 Ne7 11. Be3 Ke8 12. Rad1 Bd7 13. a3 Rd8 14. Rfe1
a6 15. Ne4 Bf5 16. Nc5 Rxd1 17. Rxd1 Bc8 18. Nd3 Ng6 19. Nf4 Nxf4 20. Bxf4 Be7
21. Nd4 Bc5 22. Be3 Bxd4 23. Rxd4 Ke7 24. f3 Rd8 25. Rxd8 Kxd8 26. g4 h5 27.
Kf2 g6 28. Bg5+ Ke8 1/2-1/2

[Event "Moscow Botvinnik Memorial"]
[Site "Moscow"]
[Date "2011.09.03"]
[Round "4"]
[White "Carlsen, Magnus"]
[Black "Aronian, Levon"]
[Result "0-1"]
[WhiteElo "2823"]
[BlackElo "2807"]
[Annotator "Postny,E"]
[PlyCount "170"]
[EventDate "2011.09.02"]
[EventType "tourn (rapid)"]
[EventRounds "6"]
[EventCountry "RUS"]
[EventCategory "23"]
[SourceTitle "CBM 144"]
[Source "ChessBase"]
[SourceDate "2011.09.16"]

1. c4 g6 2. Nc3 c5 3. g3 Bg7 4. Bg2 Nc6 {In this symmetrical line White
doesn't really aim for an opening advantage, he is just heading for a
long-term positional fight.} 5. a3 d6 6. Rb1 {[%cal Gb2b4]} a5 {Preventing the
expansion b2-b4.} 7. e3 e5 {This move is Black's main choice. It is directed
against the advance d2-d4, but has a clear downside - it weakens the d5 square.
} ({In the event of} 7... Nf6 {White continues in the same style:} 8. Nge2 O-O
9. d3 {achieving a flexible position.}) 8. Nge2 Nge7 9. O-O O-O 10. d3 Rb8 11.
Bd2 Be6 {Now Black is threatening ...d6-d5, so White must react accordingly.} (
11... Bf5 {makes less sense. White just shouldn't reply with e3-e4, blocking
his light-squared bishop. After} 12. Qc2 Qd7 13. Nb5 {[%cal Ge2c3] he has fine
play on the light squares.}) 12. Nd5 {The main continuation.} (12. Qb3 f5 13.
Nd5 Nxd5 14. cxd5 Bf7 15. Qc2 Ne7 16. e4 b5 $11 {0-1 Gurevich,M (2641)
-Lautier,J (2675)/Moscow 2002/CBM 090 (41)}) 12... b5 (12... f5 $6 13. Nec3 Kh8
14. b4 {is the kind of position that White is striving for. His play on the
queenside is more effective than Black's attempts on the opposite flank.}) 13.
cxb5 Rxb5 (13... Bxd5 14. Bxd5 Nxd5 15. bxc6 Qb6 16. Qa4 {[%csl Ra5]} Ra8 17.
Nc3 Ne7 18. e4 Qxc6 (18... Nxc6 $4 {falls into a fork:} 19. Nd5 Qb7 20. Qxc6 $1
Qxc6 21. Ne7+ $18) 19. Qc4 {keeping a slight pressure.}) 14. Qa4 Qb8 15. Nc7 $5
{Only this move is a novelty!} (15. Nxe7+ Nxe7 16. Nc3 Rxb2 17. Qxa5 Bf5 18.
Rxb2 Qxb2 19. Ne4 Bxe4 20. Bxe4 d5 21. Bf3 Rc8 $11 {1/2-1/2 Sehner,N-Teipelke,
H/Germany 1991/Corr 2000 (35)}) 15... Qxc7 $5 {Aronian goes for an exchange
sacrifice. It wasn't necessary, as Black could equalise after the obvious 15...
Rxb2.} (15... Rxb2 16. Nxe6 fxe6 (16... Rxb1 $6 17. Nxf8 Bxf8 18. Bxc6 Nxc6 19.
Qxc6 Rb2 20. Rd1 Qb3 21. Nc3 Rxd2 22. Rxd2 Qxc3 23. Re2 Qxa3 24. Qd5 $16 {
[%cal Ge2a2]}) 17. Nc3 d5 18. Rfc1 e4 19. Rxb2 Qxb2 20. Rc2 Qa1+ 21. Rc1 Qb2
$11) 16. Qxb5 Rb8 17. Qa4 Bb3 18. Qh4 Bc2 19. Qc4 Bb3 ({In the event of} 19...
Bxb1 20. Rxb1 {White has a stable advantage thanks to pair of bishops and
control over the light squares.}) 20. Qc1 {Carlsen has grounds not to repeat
moves, but to play for a win.} Qb6 21. Re1 d5 {Black's superiority in space
yields him a certain compensation for the exchange.} 22. Nc3 Rd8 $6 (22... a4
$1 {It is useful to fix the queenside..} 23. e4 d4 24. Nd5 Nxd5 25. exd5 Ne7
$44) 23. e4 $1 d4 24. Nd5 Nxd5 25. exd5 Rxd5 $6 {Another exchange sacrifice!
It worked fine in the current game, but, frankly speaking, is too brave to be
true.} (25... Bxd5 $6 26. Bxd5 Rxd5 27. Qc4 Rd7 28. b4 $16) (25... Ne7 {
was a worthy alternative.} 26. Bg5 f6 27. Rxe5 $1 Qc7 (27... fxe5 $2 28. Bxe7
Rc8 29. Bh3 $18) 28. d6 Qxd6 29. Qxc5 Qxe5 (29... Qxc5 30. Rxc5 fxg5 31. Rxa5
$14) 30. Qxe5 fxe5 31. Bxe7 $14) 26. Bh6 Bf6 $6 {Levon is logical. It would
not be natural to retreat with the rook, even though it was objectively better.
} (26... Rd7 27. Bxg7 Kxg7 28. Bxc6 Qxc6 29. Rxe5 Qf3 30. Qxc5 Bd5 31. Rxd5
Rxd5 {with sufficient compensation for the pawn.}) 27. Bxd5 Bxd5 28. Qd1 $2 {
Here and on the next few moves Magnus rejects the idea of opening lines by the
slightly risky move f2-f4.} (28. f4 e4 (28... Qb5 29. Qc2 $18 {[%csl Rc5,Re5]
[%cal Gb1c1]}) 29. dxe4 Bb3 30. e5 Be7 31. f5 $16) 28... Be7 29. h4 ({Again} 
29. f4 {, though less effective than on the previous move, but still was
called for.}) 29... Qb7 30. Kh2 ({Once again, it was necessary to play more
actively:} 30. f4 f6 31. Kh2 {Later on White will take out his major pieces,
to bring the queen on f2, double the rooks on the e-file, etc.}) 30... f6 {
Stabilising the central pawn chain.} 31. Qe2 Nd8 $1 32. Bd2 $2 {Here it was
the last moment when Magnus could stir up complications and try to make use of
his extra material.} (32. b3 Bxb3 (32... Nf7 33. Bd2 Bf3 34. Qf1 $13 {Compared
to the continuation in the game, here White has certain prospects on the
queenside.}) 33. h5 {White can harass the opponents' king. Here is a sample
line:} a4 34. hxg6 hxg6 35. Qg4 Kh7 36. Qh3 Kg8 37. f4 Qf3 38. fxe5 Be6 39. Qg2
Qh5+ 40. Kg1 Qxh6 41. exf6 Bxf6 42. Rb6 $16 {[%csl Re6,Rf6]}) 32... Bf3 33. Qf1
a4 {After a series of passive moves Magnus found himself in a miserable
position. White can't open a single line for his major pieces.} 34. Qh3 h5 35.
Ba5 Nf7 36. Qe6 $2 {Typical time-trouble reflex.} (36. Bd2 $17) 36... Bd5 {
The activity of queen was imaginary, it has to retreat.} 37. Qh3 (37. Qb6 Qd7 {
[%cal Gd7f5] and White can't cover the holes near his king.}) 37... Qb5 38. Bc7
Qxd3 $19 39. g4 $1 {The best practical chance.} Qd2 40. Kg1 Be6 (40... hxg4 41.
Qxg4 Qh6 {and White is defenseless against tche threats f5 or Ng5!}) 41. Qg2
hxg4 {Black has already too many pawns and is dominating.} 42. Rbc1 Kg7 {
Instead, the pawn on b2 could be comfortably captured.} 43. Bb6 c4 $6 (43... f5
$19 {[%cal Gf5f4]}) 44. Qc6 g3 $5 45. fxg3 Bh3 46. Qf3 $6 {Believe me, I am
not harsh in my evaluations, one has to bear in mind that both players are in
time trouble from the very beginning!} (46. Qh1 $1 Bg4 47. Qg2 Qd3 {This way
White could keep the Pb2 alive, but Black retains the initiative.}) 46... Qxb2
47. Ba7 Qb3 {47...c3 was, naturally, more convincing. The move in the text is
typical for time trouble, when a side having an advantage tries to reduce the
material as much as possible, so as not to give the opponent unnecessary
practical chances. This often leads to the opposite effect.} 48. Qxb3 cxb3 49.
Bxd4 Bxa3 50. Ra1 Bb4 51. Reb1 exd4 (51... Bf5 52. Rxa4 Bxb1 53. Rxb4 exd4 54.
Rxb3 Bc2 $19) 52. Rxa4 Bc5 53. Ra5 Bb6 54. Rb5 Bc7 55. R5xb3 Be5 {The position
remains winning for Black, but now he has to work at it for some time.} 56. Kf2
Nd6 57. Kf3 Be6 58. Ra3 Bd5+ 59. Ke2 Nb5 60. Ra5 Nc3+ 61. Kf2 d3 62. Rxd5 Nxd5
63. Rb7+ Bc7 64. Kf3 Kh6 65. Rb3 Bxg3 $1 {A neat tactical trick, winning an
important pawn.} 66. Rxd3 (66. Kxg3 d2 67. Rd3 Nc3 68. Rxd2 Ne4+ $19) 66... Nf4
67. Rd8 Nh5 {Now Black's win is just a matter of time.} 68. Kg4 f5+ 69. Kh3 Be5
70. Ra8 Bf6 71. Ra6 Kg7 72. Ra7+ Kf8 73. Rb7 Be7 74. Ra7 Kf7 75. Ra6 Nf6 76.
Kg3 Ne4+ 77. Kh3 Bc5 78. Rc6 Bd6 79. Ra6 Kg7 80. Ra8 Be5 81. Ra7+ Kh6 82. Rb7
Nf6 83. Re7 Ng4 84. Ra7 Bf6 85. Rf7 Kh5 {There were many mistakes along the
way. However, in conditions of rapid chess, where the time trouble starts from
the very beginning, you can't demand too much even from elite players.} (85...
Kh5 86. Rh7+ Nh6 $19 {[%csl Rh4]}) 0-1